[Event "ITA-chTA 51st"]
[Site "Brixen Bressanone"]
[Date "2019.04.28"]
[Round "4.2"]
[White "Ortega, Lexy"]
[Black "Cacco, Christian"]
[Result "0-1"]
[WhiteElo "2484"]
[BlackElo "2312"]
[PlyCount "54"]
[EventDate "2019.04.26"]
[EventType "team-swiss"]
[EventRounds "7"]
[EventCountry "ITA"]
[SourceTitle "CBM 190 Extra"]
[Source "ChessBase"]
[SourceDate "2019.07.15"]
[SourceVersion "1"]
[SourceVersionDate "2019.07.15"]
[SourceQuality "1"]
[WhiteTeam "Informatica Commerciale"]
[BlackTeam "Montebelluna Master"]
[WhiteTeamCountry "ITA"]
[BlackTeamCountry "ITA"]

1. Nf3 Nf6 2. d4 e6 3. Bf4 c5 4. e3 Qb6 5. Nc3 cxd4 6. exd4 Bb4 7. Bd3 Nc6 8. a3 Nd5 9. Bd2 Nxc3 10. bxc3 Be7 11. 0-0 h6 12. d5 exd5 13. Re1 0-0 14. Nd4 Bf6 15. Nf5 Ne5 16. Rb1 Qc7 17. Nxh6+ gxh6 18. Re3 Bg7 19. Rg3 Qd6 20. Qh5 Kh8 21. Rb4 f5 22. Rh4 f4 23. Rxg7 Kxg7 24. Bxf4 Rxf4 25. Rxf4 Qe7 26. h4 d6 27. Bf1 Bd7 0-1

[Event "ITA-chTA 51st"]
[Site "Brixen Bressanone"]
[Date "2019.04.28"]
[Round "5.4"]
[White "Saric, Ivan"]
[Black "Cacco, Christian"]
[Result "1-0"]
[WhiteElo "2691"]
[BlackElo "2312"]
[PlyCount "76"]
[EventDate "2019.04.26"]
[EventType "team-swiss"]
[EventRounds "7"]
[EventCountry "ITA"]
[SourceTitle "CBM 190 Extra"]
[Source "ChessBase"]
[SourceDate "2019.07.15"]
[SourceVersion "1"]
[SourceVersionDate "2019.07.15"]
[SourceQuality "1"]
[WhiteTeam "Padova Obiettivo"]
[BlackTeam "Montebelluna Master"]
[WhiteTeamCountry "ITA"]
[BlackTeamCountry "ITA"]

1. e4 c5 2. Nf3 e6 3. d4 cxd4 4. Nxd4 a6 5. Bd3 Qc7 6. 0-0 Nf6 7. Qe2 d6 8. f4 Nbd7 9. c4 Be7 10. Nc3 b6 11. Kh1 Bb7 12. Bd2 h5 13. f5 e5 14. Nf3 h4 15. Rac1 Nh5 16. Nd5 Qb8 17. Nxe7 Kxe7 18. Nxh4 Nhf6 19. Bg5 Qc7 20. Nf3 Rh5 21. b4 a5 22. a3 Bc6 23. Kg1 Rc8 24. h3 Qa7 25. Rfd1 Kf8 26. Bb1 Ne8 27. Be3 Rh8 28. c5 dxc5 29. bxc5 b5 30. Ng5 Ndf6 31. Ba2 Rc7 32. Bd5 Qb7 33. Rb1 Nxe4 34. Bxe4 Bxe4 35. Rxb5 Qa8 36. Nxe4 Qxe4 37. Rb8 Re7 38. f6 gxf6 1-0

[Event "ITA-chTA 51st"]
[Site "Brixen Bressanone"]
[Date "2019.04.27"]
[Round "2.3"]
[White "Borgo, Giulio"]
[Black "Cacco, Christian"]
[Result "0-1"]
[WhiteElo "2362"]
[BlackElo "2312"]
[PlyCount "134"]
[EventDate "2019.04.26"]
[EventType "team-swiss"]
[EventRounds "7"]
[EventCountry "ITA"]
[SourceTitle "CBM 190 Extra"]
[Source "ChessBase"]
[SourceDate "2019.07.15"]
[SourceVersion "1"]
[SourceVersionDate "2019.07.15"]
[SourceQuality "1"]
[WhiteTeam "Cerianese Scacchistica"]
[BlackTeam "Montebelluna Master"]
[WhiteTeamCountry "ITA"]
[BlackTeamCountry "ITA"]

1. e4 c5 2. Nf3 e6 3. c4 Nc6 4. d4 cxd4 5. Nxd4 Nf6 6. Nc3 Bb4 7. Nxc6 dxc6 8. Qxd8+ Kxd8 9. e5 Nd7 10. Bf4 f6 11. 0-0-0 Ke7 12. exf6+ gxf6 13. Be2 e5 14. Be3 Bxc3 15. bxc3 b6 16. f4 e4 17. f5 Ne5 18. Rhf1 Rg8 19. g3 c5 20. Bf4 Nf7 21. Bc7 Rg5 22. g4 Bd7 23. Rde1 Kf8 24. Bg3 Rg7 25. Bh4 Ng5 26. Rd1 Ke7 27. Bg3 Nf7 28. Kd2 Ba4 29. Rde1 Kd7 30. Ke3 Re8 31. Bh4 Ng5 32. Rg1 h6 33. Bg3 Nf7 34. h3 Ne5 35. Bf4 Rh7 36. h4 Bc2 37. Bxe5 Rxe5 38. Kf4 Ree7 39. Rg3 Rh8 40. Re3 Rg8 41. Rc1 Ba4 42. Rg1 Bc6 43. Bd1 Rd8 44. Bc2 Ke8 45. Rg2 Kf8 46. Rge2 Kf7 47. Rh2 Red7 48. Ree2 Rd3 49. Bxd3 Rxd3 50. Re3 Rd1 51. Rf2 Rg1 52. Rg3 Rh1 53. Rd2 Ke7 54. Rgg2 Rh3 55. Rg3 Rxh4 56. Rd5 Bxd5 57. cxd5 h5 58. c4 Kd6 59. a4 a6 60. Ke3 Rxg4 61. Rh3 h4 62. Ke2 Rg2+ 63. Kd1 Ra2 64. Rb3 Rxa4 65. Rxb6+ Ke5 66. Rc6 Rxc4 67. Rxa6 Rd4+ 0-1

[Event "Chioggia op-A 13th"]
[Site "Chioggia"]
[Date "2018.09.28"]
[Round "1"]
[White "Bacchini, Stefano"]
[Black "Cacco, Christian"]
[Result "0-1"]
[WhiteElo "1983"]
[BlackElo "2339"]
[PlyCount "66"]
[EventDate "2018.09.28"]
[EventType "swiss"]
[EventRounds "5"]
[EventCountry "ITA"]
[SourceTitle "EXT 2022"]
[Source "ChessBase"]
[SourceDate "2021.10.06"]
[SourceVersion "1"]
[SourceVersionDate "2021.10.06"]
[SourceQuality "1"]

1. f4 d5 2. Nf3 g6 3. e3 Bg7 4. Be2 Nd7 5. 0-0 Nh6 6. d3 0-0 7. c3 c6 8. Kh1 f6 9. e4 e5 10. f5 gxf5 11. Bxh6 Bxh6 12. exf5 Qb6 13. Qc2 Kh8 14. Nbd2 Rg8 15. b4 a5 16. Rab1 axb4 17. Rxb4 Qa7 18. Rb2 Qa4 19. g3 b5 20. Nb3 c5 21. d4 exd4 22. cxd4 c4 23. Na1 Nb6 24. Bd1 Qxc2 25. Nxc2 Bd7 26. Nfe1 Na4 27. Rb4 Rge8 28. Bf3 Nc3 29. Rb2 Bc1 30. Rb4 Rxa2 31. g4 Bh6 32. h3 Bf8 33. Kg1 Rxe1 0-1

[Event "ITA-chT 47th"]
[Site "Civitanova Marche"]
[Date "2015.05.01"]
[Round "4.1"]
[White "Nakamura, Hikaru"]
[Black "Cacco, Christian"]
[Result "1-0"]
[WhiteElo "2798"]
[BlackElo "2337"]
[PlyCount "83"]
[EventDate "2015.04.29"]
[EventType "team-swiss"]
[EventRounds "7"]
[EventCountry "ITA"]
[SourceTitle "CBM 166 Extra"]
[Source "ChessBase"]
[SourceDate "2015.06.18"]
[SourceVersion "1"]
[SourceVersionDate "2015.06.18"]
[SourceQuality "1"]
[WhiteTeam "Padova"]
[BlackTeam "Arzignan"]
[WhiteTeamCountry "ITA"]
[BlackTeamCountry "ITA"]

1. e4 d6 2. d4 g6 3. Nc3 Bg7 4. Be3 a6 5. f4 b5 6. Bd3 Bb7 7. Nf3 Nf6 8. e5 Nd5 9. Nxd5 Bxd5 10. a4 c6 11. axb5 cxb5 12. 0-0 Nc6 13. c3 0-0 14. Bc2 e6 15. Ng5 Ne7 16. Ne4 Nf5 17. Bf2 Bxe4 18. Bxe4 d5 19. Bd3 Qd7 20. Qe2 Ne7 21. Ra2 Qc6 22. Rfa1 Rfb8 23. g4 f5 24. exf6 Bxf6 25. h4 Rb6 26. Kh2 Kf7 27. Rf1 a5 28. f5 exf5 29. gxf5 a4 30. Bg3 Re8 31. fxg6+ Nxg6 32. Qf3 Kg7 33. h5 Nf8 34. Rf2 Kh8 35. Ra1 Bg7 36. Qg4 Qe6 37. Bf5 Qe7 38. Rg1 h6 39. Bh4 Qc7+ 40. Kh1 Nh7 41. Bd7 Rg8 42. Rf7 1-0

[Event "ITA-chT 47th"]
[Site "Civitanova Marche"]
[Date "2015.04.29"]
[Round "2.4"]
[White "Malloni, Marcello"]
[Black "Cacco, Christian"]
[Result "1/2-1/2"]
[WhiteElo "2348"]
[BlackElo "2337"]
[PlyCount "112"]
[EventDate "2015.04.29"]
[EventType "team-swiss"]
[EventRounds "7"]
[EventCountry "ITA"]
[SourceTitle "CBM 166 Extra"]
[Source "ChessBase"]
[SourceDate "2015.06.18"]
[SourceVersion "1"]
[SourceVersionDate "2015.06.18"]
[SourceQuality "1"]
[WhiteTeam "Acqui Terme Collino"]
[BlackTeam "Arzignan"]
[WhiteTeamCountry "ITA"]
[BlackTeamCountry "ITA"]

1. d4 c5 2. d5 Nf6 3. Nc3 d6 4. e4 g6 5. Bb5+ Nfd7 6. a4 Bg7 7. Nf3 Na6 8. 0-0 Nc7 9. Bf4 0-0 10. Re1 f6 11. Bf1 Ne5 12. Nxe5 fxe5 13. Be3 Bd7 14. Qd2 a5 15. Ra3 Ne8 16. Rb3 Qc7 17. Bb5 Nf6 18. Bxd7 Nxd7 19. Nb5 Qd8 20. Qe2 Nb6 21. Ra1 Qd7 22. Na3 Ra6 23. Qb5 Qxb5 24. Rxb5 Rfa8 25. Bd2 R8a7 26. Kf1 Kf7 27. Ke2 Bf6 28. Kd3 e6 29. dxe6+ Kxe6 30. Nc4 Nxc4 31. Kxc4 Bd8 32. Ra3 b6 33. Rf3 Bf6 34. Rbb3 Rf7 35. g3 Rd7 36. h4 Bd8 37. Rbd3 Be7 38. Bg5 Ra8 39. Rb3 Rb8 40. Rbd3 Rc7 41. Bh6 b5+ 42. axb5 Rcb7 43. Bd2 Rxb5 44. Rb3 Rxb3 45. Rxb3 Ra8 46. Rb7 a4 47. Bc1 Rf8 48. Be3 Ra8 49. Bc1 Rf8 50. Be3 Ra8 51. Rb6 Bd8 52. Rb7 Be7 53. Kd3 a3 54. bxa3 Rxa3+ 55. Kd2 Ra4 56. Kd3 Ra3+ 1/2-1/2

[Event "Verona Province-ch"]
[Site "Zevio Verona"]
[Date "2014.01.26"]
[Round "5"]
[White "Luciani, Valerio"]
[Black "Cacco, Christian"]
[Result "1-0"]
[WhiteElo "2229"]
[BlackElo "2332"]
[PlyCount "153"]
[EventDate "2014.01.18"]
[EventType "swiss"]
[EventRounds "6"]
[EventCountry "ITA"]
[SourceTitle "EXT 2015"]
[Source "ChessBase"]
[SourceDate "2014.11.20"]
[SourceVersion "1"]
[SourceVersionDate "2014.11.20"]
[SourceQuality "1"]

1. d4 Nf6 2. c4 g6 3. Nc3 Bg7 4. e4 d6 5. f3 Nc6 6. Be3 e5 7. Nge2 0-0 8. Qd2 Nh5 9. d5 Na5 10. b3 f5 11. 0-0-0 f4 12. Bf2 b6 13. Kb2 Nb7 14. b4 a5 15. a3 Rf7 16. Nc1 Bf8 17. Be2 Bd7 18. Nd3 Qf6 19. Ra1 h6 20. Bd1 Qd8 21. Bb3 Qb8 22. Kc2 Rg7 23. Rhb1 axb4 24. axb4 Rxa1 25. Rxa1 Nd8 26. c5 bxc5 27. bxc5 Nf7 28. c6 Be8 29. Qc1 Kh7 30. Ra7 g5 31. Qa3 Qd8 32. h3 Nh8 33. Qa5 Bg6 34. Nb5 Nf6 35. Rxc7 Be7 36. Bb6 Qf8 37. Nc3 h5 38. Ra7 Rg8 39. Qa6 Bf7 40. Qb7 Ng6 41. c7 g4 42. hxg4 hxg4 43. Ba4 Be8 44. Bc6 Bd7 45. Bxd7 Nxd7 46. c8Q Qxc8 47. Qxc8 Rxc8 48. Rxd7 Rb8 49. Na4 gxf3 50. gxf3 Kg8 51. Kc3 Kf7 52. Kc4 Ke8 53. Ra7 Rc8+ 54. Rc7 Rb8 55. Kb5 Nh8 56. Nb4 Ra8 57. Ra7 Rxa7 58. Bxa7 Kd7 59. Na6 Nf7 60. Nb6+ Kd8 61. Nc4 Ng5 62. Nd2 Kd7 63. Nb8+ Kc7 64. Nc6 Bf8 65. Ka6 Nh3 66. Bb6+ Kc8 67. Bd8 Kd7 68. Kb7 Ng1 69. Bh4 Ne2 70. Nb8+ Ke8 71. Kc8 Nd4 72. Na6 Be7 73. Bxe7 Kxe7 74. Nb8 Nb5 75. Nc6+ Kf6 76. Kd7 Kg5 77. Ne7 1-0

[Event "Verona Province-ch"]
[Site "Zevio Verona"]
[Date "2014.01.19"]
[Round "3"]
[White "Negro, Roberto"]
[Black "Cacco, Christian"]
[Result "0-1"]
[WhiteElo "2169"]
[BlackElo "2332"]
[PlyCount "98"]
[EventDate "2014.01.18"]
[EventType "swiss"]
[EventRounds "6"]
[EventCountry "ITA"]
[SourceTitle "EXT 2015"]
[Source "ChessBase"]
[SourceDate "2014.11.20"]
[SourceVersion "1"]
[SourceVersionDate "2014.11.20"]
[SourceQuality "1"]

1. c4 e5 2. g3 Nf6 3. Bg2 Nc6 4. Nc3 Bb4 5. Nd5 Nxd5 6. cxd5 Ne7 7. Nf3 f6 8. e4 a5 9. 0-0 c6 10. a3 Bd6 11. d4 exd4 12. Nxd4 0-0 13. Be3 a4 14. Nf5 Nxf5 15. exf5 c5 16. Re1 b6 17. Qg4 Bb7 18. Rac1 Rf7 19. Qh4 Qf8 20. Bf4 b5 21. Bf3 Re7 22. Kg2 Rxe1 23. Rxe1 Rd8 24. h3 Bxf4 25. Qxf4 d6 26. Re6 Bc8 27. Re3 Qf7 28. g4 h6 29. Qe4 Bd7 30. Qf4 Qf8 31. Kg3 Re8 32. Rxe8 Bxe8 33. Be4 Qe7 34. f3 Kf8 35. h4 Bf7 36. Kh3 Be8 37. Qd2 Qe5 38. Kg2 Bd7 39. Kh3 Ke7 40. h5 Qd4 41. Qxd4 cxd4 42. Kg3 Kd8 43. Kf4 Kc7 44. Bb1 Kb6 45. Ke4 Kc5 46. Ba2 b4 47. axb4+ Kxb4 48. Kxd4 Bb5 49. Ke3 Bc4 0-1

[Event "Chioggia op-A 08th"]
[Site "Chioggia"]
[Date "2013.10.13"]
[Round "4"]
[White "Quaranta, Cristiano"]
[Black "Cacco, Christian"]
[Result "0-1"]
[WhiteElo "2168"]
[BlackElo "2324"]
[PlyCount "60"]
[EventDate "2013.10.10"]
[EventType "swiss"]
[EventRounds "5"]
[EventCountry "ITA"]
[SourceTitle "EXT 2024"]
[Source "ChessBase"]
[SourceDate "2023.10.10"]
[SourceVersion "1"]
[SourceVersionDate "2023.10.10"]
[SourceQuality "1"]

1. Nf3 g6 2. c4 Bg7 3. Nc3 d6 4. g3 c5 5. Bg2 Nc6 6. 0-0 Nf6 7. d4 cxd4 8. Nxd4 Bd7 9. h3 0-0 10. Be3 Qa5 11. Nxc6 bxc6 12. Qd2 Rfc8 13. c5 dxc5 14. Ne4 Qxd2 15. Nxd2 Rab8 16. Bxc5 Rxb2 17. Nc4 Rxe2 18. Rfe1 Rc2 19. Rec1 Rxc1+ 20. Rxc1 Nd5 21. Bxa7 Ra8 22. Bc5 Rxa2 23. Bxd5 cxd5 24. Nb6 Be6 25. Bxe7 Bd4 26. Bc5 Be5 27. Kg2 d4 28. Rd1 Ra6 29. Rxd4 Bxd4 30. Bxd4 Kf8 0-1

[Event "Padova op-B 15th"]
[Site "Padova"]
[Date "2012.12.15"]
[Round "1"]
[White "Tissino, Tiziano"]
[Black "Cacco, Christian"]
[Result "0-1"]
[WhiteElo "1776"]
[BlackElo "2325"]
[PlyCount "66"]
[EventDate "2012.12.15"]
[EventType "swiss"]
[EventRounds "6"]
[EventCountry "ITA"]
[SourceTitle "EXT 2015"]
[Source "ChessBase"]
[SourceDate "2014.11.20"]
[SourceVersion "1"]
[SourceVersionDate "2014.11.20"]
[SourceQuality "1"]

1. Nf3 g6 2. g3 Bg7 3. Bg2 d6 4. d4 Nf6 5. 0-0 0-0 6. b3 c6 7. Bb2 Nbd7 8. Nbd2 Qc7 9. c4 e5 10. dxe5 dxe5 11. e4 Re8 12. Qc2 a5 13. c5 Bf8 14. Nc4 Bxc5 15. Ncxe5 Nxe5 16. Qxc5 Nd3 17. Qc3 Nxb2 18. Qxf6 Nd3 19. Rfd1 Nc5 20. Ng5 h6 21. Rac1 Nxb3 22. axb3 hxg5 23. Qxg5 Be6 24. Qe3 Rad8 25. Bf1 Rxd1 26. Rxd1 Rd8 27. Rxd8+ Qxd8 28. Bc4 Bxc4 29. bxc4 b5 30. Qb3 a4 31. Qc2 Qd4 32. cxb5 cxb5 33. Kf1 a3 0-1

[Event "Cavarzere op 15th"]
[Site "Cavarzere"]
[Date "2012.10.28"]
[Round "6"]
[White "Cacco, Christian"]
[Black "Luciani, Valerio"]
[Result "1/2-1/2"]
[WhiteElo "2302"]
[BlackElo "2206"]
[PlyCount "146"]
[EventDate "2012.10.20"]
[EventType "swiss"]
[EventRounds "6"]
[EventCountry "ITA"]
[SourceTitle "EXT 2015"]
[Source "ChessBase"]
[SourceDate "2014.11.20"]
[SourceVersion "1"]
[SourceVersionDate "2014.11.20"]
[SourceQuality "1"]

1. d4 d5 2. Nf3 Nf6 3. c4 e6 4. Nc3 Be7 5. Bf4 0-0 6. e3 c5 7. dxc5 Bxc5 8. cxd5 exd5 9. Be2 Nc6 10. 0-0 Be6 11. Rc1 Be7 12. Nd4 Rc8 13. Ncb5 Qb6 14. Nb3 Rfd8 15. N5d4 Re8 16. Qd3 Ne4 17. Qb5 g5 18. Qxb6 axb6 19. Bg3 Nxg3 20. hxg3 Nxd4 21. Nxd4 Bf6 22. Bb5 Rxc1 23. Rxc1 Rc8 24. Rxc8+ Bxc8 25. Kf1 Kf8 26. Ke2 Ke7 27. Kd2 Kd6 28. Bd3 h6 29. Kc2 Bd7 30. Be2 Ke7 31. Bf3 Kd6 32. Kd3 Bd8 33. Bd1 Bc7 34. g4 Bd8 35. g3 f6 36. f4 Be7 37. Bf3 Bf8 38. a3 Be7 39. b4 Bf8 40. Kc3 Be7 41. Nf5+ Bxf5 42. gxf5 b5 43. Bh5 Bd8 44. Be8 Bb6 45. Kd3 Ba7 46. Ke2 Bb6 47. Bxb5 Ba7 48. Be8 Ke7 49. Bh5 Kd6 50. Kd3 Ke7 51. Bd1 Kd6 52. Bf3 Kc6 53. a4 Bb8 54. Kc3 Ba7 55. Kd2 Kd6 56. Kd3 Kc6 57. Bh5 Kd6 58. Bf7 Kc6 59. Be8+ Kd6 60. a5 Ke7 61. Bh5 Kd6 62. Bd1 Kc6 63. Ba4+ Kd6 64. Bb5 Kc7 65. Kd2 Kd6 66. Bd3 Kc6 67. Be2 Kc7 68. Bf3 Kc6 69. Kd3 Kd6 70. e4 dxe4+ 71. Bxe4 Kc7 72. b5 Bf2 73. b6+ Kb8 1/2-1/2

[Event "Cavarzere op 15th"]
[Site "Cavarzere"]
[Date "2012.10.27"]
[Round "4"]
[White "Cacco, Christian"]
[Black "Ravagnani, Tiziano"]
[Result "1-0"]
[WhiteElo "2302"]
[BlackElo "1994"]
[PlyCount "45"]
[EventDate "2012.10.20"]
[EventType "swiss"]
[EventRounds "6"]
[EventCountry "ITA"]
[SourceTitle "EXT 2015"]
[Source "ChessBase"]
[SourceDate "2014.11.20"]
[SourceVersion "1"]
[SourceVersionDate "2014.11.20"]
[SourceQuality "1"]

1. d4 d5 2. Nf3 Nf6 3. c4 e6 4. Bg5 Be7 5. Nc3 0-0 6. e3 h6 7. Bh4 b6 8. cxd5 Nxd5 9. Bxe7 Qxe7 10. Nxd5 exd5 11. Bd3 Be6 12. 0-0 c5 13. dxc5 bxc5 14. Qa4 Nd7 15. Rac1 Rfb8 16. b3 Rb4 17. Qa5 Bg4 18. Nd2 Qg5 19. Kh1 Ne5 20. f4 Nc6 21. Qxc5 Qe7 22. Qxc6 Rc8 23. Qxc8+ 1-0

[Event "Chioggia op-A 07th"]
[Site "Chioggia"]
[Date "2012.10.14"]
[Round "5"]
[White "Sanchez, Joseph"]
[Black "Cacco, Christian"]
[Result "1/2-1/2"]
[WhiteElo "2544"]
[BlackElo "2302"]
[PlyCount "34"]
[EventDate "2012.10.12"]
[EventType "swiss"]
[EventRounds "5"]
[EventCountry "ITA"]
[SourceTitle "EXT 2014"]
[Source "ChessBase"]
[SourceDate "2013.11.20"]
[SourceVersion "1"]
[SourceVersionDate "2013.11.20"]
[SourceQuality "1"]

1. e4 d6 2. d4 Nf6 3. Nc3 g6 4. Bc4 Bg7 5. Qe2 c6 6. a4 e5 7. dxe5 dxe5 8. Nf3 Nbd7 9. 0-0 0-0 10. Rd1 Qa5 11. Bd2 Qc7 12. b4 h6 13. Nh4 Kh7 14. Be3 Ng8 15. Qd2 Bf6 16. Nf3 Kg7 17. Ne2 Nb6 1/2-1/2

[Event "Veneto-ch qf 68th"]
[Site "Arqua Petrarca"]
[Date "2008.05.10"]
[Round "1.2"]
[White "Belloni, Umberto"]
[Black "Cacco, Christian"]
[Result "0-1"]
[WhiteElo "1876"]
[BlackElo "2301"]
[PlyCount "31"]
[EventDate "2008.05.10"]
[EventType "swiss"]
[EventRounds "6"]
[EventCountry "ITA"]
[SourceTitle "EXT 2024"]
[Source "ChessBase"]
[SourceDate "2023.10.10"]
[SourceVersion "1"]
[SourceVersionDate "2023.10.10"]
[SourceQuality "1"]

1. d4 c5 2. c3 e6 3. e3 b6 4. f4 Bb7 5. Nf3 f5 6. Bd3 Nf6 7. Nbd2 Be7 8. Nf1 Na6 9. Qe2 Nc7 10. Bd2 a6 11. Rc1 b5 12. h3 Ne4 13. Bxe4 Bxe4 14. Rg1 Bd5 15. Ne5 g6 16. b3 0-1

[Event "Montebelluna Week End"]
[Site "Montebelluna"]
[Date "2007.12.29"]
[Round "4.2"]
[White "Xia, Jie"]
[Black "Cacco, Christian"]
[Result "0-1"]
[WhiteElo "2220"]
[BlackElo "2284"]
[PlyCount "56"]
[EventDate "2007.12.27"]
[EventType "swiss"]
[EventRounds "7"]
[EventCountry "ITA"]
[SourceTitle "EXT 2024"]
[Source "ChessBase"]
[SourceDate "2023.10.10"]
[SourceVersion "1"]
[SourceVersionDate "2023.10.10"]
[SourceQuality "1"]

1. e4 g6 2. d4 Bg7 3. Nc3 d6 4. Nf3 c6 5. Be3 b5 6. Bd3 a6 7. h3 Nd7 8. a4 Bb7 9. 0-0 e5 10. axb5 axb5 11. d5 cxd5 12. Nxb5 Ndf6 13. Rxa8 Bxa8 14. Qa1 Bc6 15. exd5 Nxd5 16. Qa3 Bf8 17. Bd2 Be7 18. c4 Ndf6 19. Ba5 Qd7 20. Nd2 Nh6 21. Nc7+ Kf8 22. Re1 Kg7 23. b4 Rc8 24. Nb5 d5 25. Bf1 dxc4 26. Nxc4 Bxb5 27. Nb6 Qd2 28. Rxe5 Rc1 0-1

[Event "Olympiad-37"]
[Site "Turin"]
[Date "2006.05.29"]
[Round "8"]
[White "Westerinen, Heikki MJ"]
[Black "Cacco, Christian"]
[Result "0-1"]
[WhiteElo "2386"]
[BlackElo "2322"]
[PlyCount "104"]
[EventDate "2006.05.21"]
[EventType "team-swiss"]
[EventRounds "13"]
[EventCountry "ITA"]
[SourceTitle "CBM 113"]
[Source "ChessBase"]
[SourceDate "2006.07.31"]
[SourceVersion "1"]
[SourceVersionDate "2006.07.31"]
[SourceQuality "1"]
[WhiteTeam "Finland"]
[BlackTeam "Italy II"]
[WhiteTeamCountry "FIN"]
[BlackTeamCountry "ITA"]

1. e4 c5 2. Nf3 e6 3. Nc3 a6 4. g3 Nc6 5. Bg2 Nf6 6. 0-0 d6 7. d3 Be7 8. Ng5 h6 9. Nh3 Qc7 10. f4 b5 11. e5 dxe5 12. Qf3 e4 13. Nxe4 Nxe4 14. dxe4 e5 15. c3 Be6 16. Be3 Rd8 17. Nf2 h5 18. f5 Bc4 19. Rfd1 f6 20. Bf1 Na5 21. Rxd8+ Bxd8 22. a4 Qc6 23. axb5 Qxb5 24. Nd1 Bb6 25. Bxc4 Nxc4 26. Qe2 Kd7 27. Bf2 Nd6 28. Qc2 c4 29. Qa4 Bxf2+ 30. Nxf2 Qxa4 31. Rxa4 Rb8 32. Ra2 Kc7 33. Kg2 Rb5 34. Kf3 Kb6 35. Ke3 Ra5 36. Rxa5 Kxa5 37. Kd2 Ka4 38. Kc2 Kb5 39. Kb1 Nb7 40. g4 hxg4 41. Nxg4 Nc5 42. Nf2 Kc6 43. Ka2 Kd7 44. Ka3 a5 45. h4 Kc6 46. h5 Kb5 47. Ka2 Ka4 48. Ka1 Kb3 49. Kb1 a4 50. Ka1 a3 51. bxa3 Kxc3 52. Ka2 Kd2 0-1

[Event "Olympiad-37"]
[Site "Turin"]
[Date "2006.05.25"]
[Round "5"]
[White "Cacco, Christian"]
[Black "Lim, Yee Weng"]
[Result "0-1"]
[WhiteElo "2322"]
[BlackElo "2330"]
[PlyCount "110"]
[EventDate "2006.05.21"]
[EventType "team-swiss"]
[EventRounds "13"]
[EventCountry "ITA"]
[SourceTitle "CBM 113"]
[Source "ChessBase"]
[SourceDate "2006.07.31"]
[SourceVersion "1"]
[SourceVersionDate "2006.07.31"]
[SourceQuality "1"]
[WhiteTeam "Italy II"]
[BlackTeam "Malaysia"]
[WhiteTeamCountry "ITA"]
[BlackTeamCountry "MAS"]

1. d4 d5 2. Nf3 Nf6 3. c4 c6 4. e3 e6 5. Bd3 dxc4 6. Bxc4 b5 7. Bd3 Bb7 8. 0-0 Nbd7 9. a4 bxa4 10. Nc3 Be7 11. Nxa4 0-0 12. Qc2 c5 13. dxc5 Bxf3 14. gxf3 Nxc5 15. Nxc5 Bxc5 16. Rd1 Qe7 17. Ra4 Rfd8 18. Be2 Rxd1+ 19. Bxd1 Rd8 20. Be2 Bb6 21. Bd2 Nd5 22. Rc4 Qd7 23. e4 Ne7 24. Be3 Ng6 25. Rc3 Qe7 26. Rc8 h6 27. f4 Rxc8 28. Qxc8+ Kh7 29. e5 Qh4 30. Qc2 h5 31. f5 exf5 32. Bxb6 Qg5+ 33. Kf1 axb6 34. Qc3 Nf4 35. Qf3 Qg4 36. Qxg4 fxg4 37. Bc4 Kg6 38. f3 gxf3 39. Kf2 Kf5 40. Bxf7 Nd3+ 41. Ke3 f2 42. Ke2 Kxe5 43. b3 Kd4 44. Bc4 h4 45. h3 g5 46. Bf7 b5 47. Be8 b4 48. Bf7 Kc3 49. Bg8 Kd4 50. Bh7 Nc1+ 51. Kxf2 Nxb3 52. Kf3 Ke5 53. Ke3 Nc5 54. Bc2 Ne6 55. Ba4 Nf4 0-1

[Event "Veneto Region-ch"]
[Site "Arqua Petrarca"]
[Date "2006.05.06"]
[Round "1"]
[White "Belloni, Umberto"]
[Black "Cacco, Christian"]
[Result "0-1"]
[WhiteElo "1915"]
[BlackElo "2322"]
[PlyCount "76"]
[EventDate "2006.05.06"]
[EventType "swiss"]
[EventRounds "6"]
[EventCountry "ITA"]
[SourceTitle "EXT 2011"]
[Source "ChessBase"]
[SourceDate "2010.11.26"]
[SourceVersion "1"]
[SourceVersionDate "2010.11.26"]
[SourceQuality "1"]

1. d4 c5 2. c3 Nf6 3. e3 e6 4. Bd3 b6 5. f4 Bb7 6. Nf3 cxd4 7. cxd4 Nc6 8. a3 Rc8 9. Nc3 Na5 10. 0-0 Nd5 11. Bd2 Nc4 12. Bxc4 Rxc4 13. Rc1 Be7 14. Nxd5 Rxc1 15. Qxc1 Bxd5 16. Qc2 f6 17. Rc1 Bc6 18. Qd1 0-0 19. Bc3 Qa8 20. Qe2 a5 21. Ne1 Rc8 22. Bd2 Bd6 23. Qg4 Re8 24. Bc3 Kf8 25. Nf3 Qa6 26. Ne1 Qb5 27. h4 h5 28. Qd1 Qf5 29. Rc2 Ba4 30. Qf3 Bxc2 31. Nxc2 Kg8 32. Ne1 Rb8 33. g3 Qg4 34. Kg2 Qxf3+ 35. Kxf3 Rc8 36. Ke2 Bxa3 37. Bxa5 bxa5 38. bxa3 Rc3 0-1

[Event "Campodarsego op 17th"]
[Site "Campodarsego"]
[Date "2006.01.21"]
[Round "3"]
[White "Cacco, Christian"]
[Black "Xia, Jie"]
[Result "1-0"]
[WhiteElo "2398"]
[BlackElo "2109"]
[PlyCount "57"]
[EventDate "2006.01.20"]
[EventType "swiss"]
[EventRounds "5"]
[EventCountry "ITA"]
[SourceTitle "EXT 2007"]
[Source "ChessBase"]
[SourceDate "2006.11.23"]
[SourceVersion "1"]
[SourceVersionDate "2006.11.23"]
[SourceQuality "1"]

1. d4 Nf6 2. Nf3 g6 3. b4 Bg7 4. Bb2 0-0 5. Nbd2 d6 6. e3 c6 7. c4 a5 8. a3 Bd7 9. b5 a4 10. bxc6 Nxc6 11. Bd3 Re8 12. d5 Na5 13. 0-0 Qb8 14. Rb1 Rc8 15. Bd4 b5 16. e4 Nb7 17. cxb5 Nc5 18. Qe2 e6 19. dxe6 Nxe6 20. Ba1 Ng4 21. Bc4 Bxa1 22. Rxa1 Bxb5 23. Rfb1 Bxc4 24. Nxc4 Qc7 25. Nb6 d5 26. g3 Qc2 27. Qxc2 Rxc2 28. exd5 Ng7 29. Nxa8 1-0

[Event "Campodarsego op 17th"]
[Site "Campodarsego"]
[Date "2006.01.21"]
[Round "2"]
[White "Zanirato, Stefano"]
[Black "Cacco, Christian"]
[Result "0-1"]
[WhiteElo "1952"]
[BlackElo "2398"]
[PlyCount "108"]
[EventDate "2006.01.20"]
[EventType "swiss"]
[EventRounds "5"]
[EventCountry "ITA"]
[SourceTitle "EXT 2007"]
[Source "ChessBase"]
[SourceDate "2006.11.23"]
[SourceVersion "1"]
[SourceVersionDate "2006.11.23"]
[SourceQuality "1"]

1. Nf3 g6 2. e4 Bg7 3. d4 d6 4. c3 Nf6 5. Qc2 Nc6 6. d5 Nb8 7. Be2 0-0 8. 0-0 c6 9. Rd1 cxd5 10. exd5 Bf5 11. Bd3 Bg4 12. Be2 Nbd7 13. Be3 Qc7 14. h3 Bf5 15. Bd3 Nxd5 16. Bxf5 Nxe3 17. fxe3 gxf5 18. Qxf5 Nf6 19. Nd4 Qc5 20. Qxc5 dxc5 21. Nf5 e6 22. Nxg7 Kxg7 23. Na3 Rfd8 24. Nc4 Rd5 25. Rxd5 Nxd5 26. e4 Nf6 27. e5 Nd5 28. Rf1 Rd8 29. Rf3 f6 30. exf6+ Nxf6 31. a4 Rd5 32. Re3 Kf7 33. Na5 Rd7 34. Nc4 Ke7 35. g4 Rd1+ 36. Kf2 b6 37. Re2 Ra1 38. Na3 Nd5 39. Re5 Kf6 40. Re4 Ra2 41. Nc4 Rxa4 42. Kf3 h6 43. h4 a5 44. b3 Ra1 45. g5+ hxg5 46. hxg5+ Ke7 47. Rg4 Rc1 48. g6 Rxc3+ 49. Ke2 Kf8 50. Nd6 Rxb3 51. g7+ Kg8 52. Nf7 Rh3 53. Ng5 Rh6 54. Kd2 Rg6 0-1